00851nam a22002417a 450000500170000001000130001702000100003003500130004003700160005304000120006908200150008110000250009624500780012126000370019927000530023630000230028950000510031265000350036365000410039894200240043999900190046395201270048220170124110200.0 aA-226965 c00.00 aA-226965 bCen Lib/Ret aDPLbEN a025.4bRAJ aRaju, A. A. N.91001 aDewey decimal classification and colon classification /cby A. A. N. Raju aDelhibAjanta Publicationsc1984 bDelhia1 U B Jawahar Nagar Bunglow Road e110007 ax,274p. c22cm(Hb) aIncludes bibliographical references and index  aColon classificationy 935799 aClassification, Dewey decimal935800 2ddccENh025.4mRAJ c132808d132808 001040718REFaLbLd2015-07-23eCen Lib/Retg0.00l0o025.4 RAJpA-226965r2015-07-23 00:00:00t1v0.00w2015-07-23yEN